Quizzes
Events
Quiz Creation
Community
Videos
Private Events
Remove Ads
Sign In
Join for FREE
Feedback
Dark Mode
Quiz Categories
Sports
Geography
Music
Movies
Television
Just For Fun
Miscellaneous
History
Literature
Language
Science
Gaming
Entertainment
Religion
Holiday
For Kids
Quiz Lab
Recent
Popular Today
Quiz Kudos Today
Editor Picks
Curator Picks
Quizzes by...
Day
Popularity
Type
Ratings
Length
Year
Community
Subscriptions
Recent Discussions
Orange Saloon
Badges
Playlists
Quests
Create
Leaderboards
Showdown
Live 5
Trivia Bingo
Activity
Puzzle Library
Sporcle Events
Private Events
Virtual Trivia
Globe League
Become a Host
Pub Owners
SporcleCon
Opinionation
Our Games
Videos
Blog
Mobile Apps
Partnerships
Remove Ads and Go Orange
Feedback
Gaming
Video Games
Board Games
Card Games
Pokémon
Mario
Nintendo
Minecraft
Console
Toys
Legend of Zelda
Gaming
Video Games
Board Games
Card Games
Pokémon
Mario
Nintendo
Minecraft
Console
Toys
Legend of Zelda
Random Quiz
Search Sporcle
×
Quiz Lab
Quiz Lab
Gaming
Board Games
Type in answers that appear in a list
Type in answers that appear in a list
Classic
Best Score? Go Orange.
Video Game Cryptograms Stats
Can you name the video games by cryptogram?
By
cappy
12m
18 Questions
262 Plays
262 Plays
262 Plays
Comments
Comments
Give Quiz Kudos
Give Quiz Kudos
-
- Ratings
hide this ad
Replay
Link that replays current quiz
Next Quiz
Link to next quiz in quiz playlist
You Got
0%
They Got
Avg Score
46%
Avg Friend Score
Upgrade to see
Score Distribution
Jump to the score distribution portion of the page
Score
0/18
Timer
12:00
0
Plays Today
Cryptogram
Game
% Correct
APES
Halo
90.8%
DSIX
Pong
59.5%
NPU NPOYN
Rad Racer
58.8%
UPIOY UPIOY NYKSEZGRSI
Dance Dance Revolution
55%
AYPKM NPRI
Heavy Rain
53.8%
YPNGACSZIU
Earthbound
53.1%
GYWDYQG
Tempest
45.4%
OANSIS GNRXXYN
Chrono Trigger
44.7%
OPQGEY ONPQAYNQ
Castle Crashers
43.9%
Cryptogram
Game
% Correct
OPKY QGSNM
Cave Story
43.5%
R HPIIP CY GAY XZM
I Wanna Be The Guy
42%
WPNKYE KQ. OPDOSW
Marvel Vs. Capcom
40.1%
QDESQRSI WPI
Splosion Man
38.9%
XZREGM XYPN TT
Guilty Gear XX
37.8%
DEPIYQOPDY: GSNWYIG
Planescape: Torment
37%
QZDYN WPNRS NDX
Super Mario RPG
36.3%
WZGPIG EYPXZY LSSGCPEE
Mutant League Football
28.2%
DSBYWSI DRICPEE
Pokemon Pinball
27.9%
Quiz Playlist
Details
Report
Send in Message
Add To Playlist
Classic:
Type in answers that appear in a list
Last Updated: Feb 16, 2017
Quiz Scoreboard
CHALLENGE
Sign Up to Join the Scoreboard
Show All
Scores
Hide
Comments
May contain spoilers
Recently Published
TV Characters by Other Roles V
by ghcgh
Television
5m
Decade Duel: World Leaders
by jenniferyan
History
4m
Alphabetical 'K' Countries by Flag Minefield
by ylime102
Geography
3m
More to Explore
Quiz From the Vault
Featured Blog Post
15 Basketball Trivia Facts You Can Be March Mad About
hide this ad
You Might Also Like...
Tags
Board Games Quiz
Cryptogram
Video
Today's Top Quizzes in Gaming
Browse Gaming
hide this ad
Today's Top Quizzes in Board Games
Browse Board Games
Top Contributed Quizzes in Gaming
1
Pokémon Gen IV Logic Puzzle (HARD)
2
Rainbow Six Siege Operators by Picture
3
Genshin Impact Logic Puzzle
4
HARD Pokemon Logic Puzzle
5
Magic: the Gathering Set Symbols - LCI
6
The Slinky Quiz
7
Mega Man or Metal Gear
8
Persona 4 & 5 Social Link / Confidant Minefield
9
Honkai: Star Rail Technique Names Quiz
10
Order Genshin Impact characters by release date!
Explore More
Trending Topics
Anime
Harry Potter
Marvel
Disney
NBA
Kpop
Crossword
NFL
Country
Pokémon
Soccer
Puzzle
WWE
Song
The Office
hide this ad
More By:
cappy
Quiz
Plays
Rating
Category
Featured
Created
Figure Out The Lyrics - Simpsons
518
5.00
Television
Dec 11, 2011
Video Game Cryptograms
262
3.22
Gaming
Oct 3, 2010
Go to Creator's Profile
Score Distribution
Quiz Creator Spotlight
cappy
Follow
Send a Message
Quizzes Created
-
Created Quiz Play Count
-
More By This Creator
Popular Quizzes Today
1
Countries of Asia Without Outlines Minefield
2
Find the US States - No Outlines Minefield
3
Pick 6: Fruits
4
The Countries of the World
5
Find the Countries of Europe - No Outlines Minefield
6
Alphabetical 'K' Countries by Flag Minefield
7
Find the US States
8
US States
More Gaming Quizzes
Smosh Crew
Quiz Lab
Trending Quizzes
Pick 6: Mountains
Pick 6: Harry Potter
Pick 6: NFL Teams
Pick 6: Flags
C Names for Actors
Recently Updated
Adaptations: Name the Title
pecheneg
NWSL Teams
pecheneg
Women's Final Four Teams by Year
bhenderson79
Presidents Quartet II
eogle
Anything But Clue(do)
eogle
Anything But Oceanian Capitals
eogle
Anything But 7
eogle
Anything But Thing
eogle
Word Ladder: February 29
pecheneg
Song Title Questions
pecheneg
Trending Topics
NBA
Kpop
Anime
Harry Potter
Crossword
Marvel
Disney
Country
WWE
Puzzle
Soccer
The Office
Song
Pokémon
NFL
Your Account Isn't Verified!
In order to create a playlist on Sporcle, you need to verify the email address you used during registration. Go to your
Sporcle Settings
to finish the process.
Report this User
Report this user for behavior that violates our
Community Guidelines
.
Details:
Send Report
Go to the Sporcle.com Mobile Site →
Comments